000 00891nam a2200229 a 4500
003 CBULib
005 20240604083359.0
008 110909s2011 ||||||||||||||||| || u
020 _a9789211170405
040 _aCBULib
_bEnglish
_cCBULib
_dCBULib
_erda
050 _aUNECE(02)2011/11
110 _aUnited Nations Economic Commission for Europe (UNECE)
245 1 4 _aThe development of regional biomass action plans of the Russian Federation
_c/by United Nations Economic Commission for Europe [UNECE]
260 _aGeneva:
_bUnited Nations Economic Commission for Europe (UNECE)
_c2011
300 _axi, 32 pages.: illustrations.
336 _2rdacontent
_aText |
_btxt
337 _2rdamedia
_aUnmediated |
_bn
338 _2rdacarrier
_aVolume
_bnc
650 0 _aBIOMASS ENERGY--RUSSIA (FEDERATION)
_92950
942 _2mc
_c029
999 _c40006
_d40006